| 000 | 00457nam a22001817a 4500 | ||
|---|---|---|---|
| 003 | MPLRDC | ||
| 005 | 20220104113638.0 | ||
| 008 | 210129b ||||| |||| 00| 0 eng d | ||
| 020 | _a983-50-1205-9 | ||
| 082 | _a428 FEN | ||
| 100 | _aELIZABETH FENWICK | ||
| 245 |
_a新一代妈妈与宝宝护理大全 _c |
||
| 250 | _a第一版 | ||
| 260 |
_a马来西亚 _b彩虹出版有限公司 _c1997 |
||
| 300 | _b256 | ||
| 650 | _a育儿 | ||
| 942 |
_cBK _o428 FEN |
||
| 999 |
_c1239 _d1229 |
||